Normal view
MARC view
- القادة الإداريون -التدريب الاداري - تدريب
Entry Topical Term
001 - CONTROL NUMBER
- control field: 52028
003 - CONTROL NUMBER IDENTIFIER
- control field: JO-AjAnu
005 - DATE AND TIME OF LATEST TRANSACTION
- control field: 20230606082545.0
008 - FIXED-LENGTH DATA ELEMENTS
- fixed length control field: 230606|| aca||aabn | a|a d
040 ## - CATALOGING SOURCE
- Original cataloging agency: JO-AjAnu
- Transcribing agency: JO-AjAnu
150 ## - HEADING--TOPICAL TERM
- Topical term or geographic name entry element: القادة الإداريون -التدريب الاداري - تدريب
670 ## - SOURCE DATA FOUND
- Source citation: Work cat.: (JO-AjAnu)26590: المنظمة العربية للتنمية الإدارية, author 52027, تنمية المهارات الابداعية لقادة المنظمات العامة والخاصة